Central Library, Doon University
WEBOPAC (ONLINE PUBLIC ACCESS CATALOGUE)

Acharya Sayan Aur Swami Dayanand Ki Vedbhashya Bhumikaye (Record no. 60514)

MARC details
000 -LEADER
fixed length control field 00492nam a22001817a 4500
005 - DATE & TIME
control field 20260316123010.0
008 - FIXED-LENGTH DATA ELEMENTS--GENERAL INFORMATION
fixed length control field 260316b |||||||| |||| 00| 0 eng d
020 ## - ISBN
International Standard Book Number 9788171102679
Price 400.00
040 ## - CATALOGING SOURCE
Original cataloging agency Doon University
041 ## - Language
Language Hindi
082 ## - DDC NUMBER
Classification number 294.5921
Book Number VAR
100 ## - MAIN ENTRY--PERSONAL NAME
Personal name Varni, Ramprakash
245 ## - TITLE STATEMENT
Title Acharya Sayan Aur Swami Dayanand Ki Vedbhashya Bhumikaye
260 ## - PUBLICATION, DISTRIBUTION, ETC. (IMPRINT)
Place of publication, distribution, etc New Delhi
Name of publisher, distributor, etc Parimal Publication
Date of publication, distribution, etc 2023
300 ## - PHYSICAL DESCRIPTION
Pages 220
650 ## - Subject
Subject Hindu Studies
942 ## - ADDED ENTRY ELEMENTS (KOHA)
Koha item type Books
100 ## - MAIN ENTRY--PERSONAL NAME
-- 26482
650 ## - Subject
-- 25783
952 ## - LOCATION AND ITEM INFORMATION (KOHA)
-- 2026-03-16
952 ## - LOCATION AND ITEM INFORMATION (KOHA)
-- 2026-03-16
952 ## - LOCATION AND ITEM INFORMATION (KOHA)
-- 2026-03-16
952 ## - LOCATION AND ITEM INFORMATION (KOHA)
-- 2026-03-16
Holdings
Withdrawn status Lost status Source of classification or shelving scheme Damaged status Not for loan Location (home branch) Sublocation or collection (holding branch) Date acquired Koha full call number Accession No. Koha date last seen Koha item type Koha issues (times borrowed)
        Not For Loan Doon University Doon University 16.03.2026 294.5921 VAR 53380 16.03.2026 Reference  
          Doon University Doon University 16.03.2026 294.5921 VAR 53381 16.03.2026 Books  
          Doon University Doon University 16.03.2026 294.5921 VAR 53382 16.03.2026 Books  
          Doon University Doon University 16.03.2026 294.5921 VAR 53383 16.03.2026 Books  
Contact : +91-135-2533126 (Library),+91-135-2533105 (Admin Office) , Email : doonlibrary@gmail.com

Powered by Koha